000 00897nam a2200241 i 4500
001 bg
100 1 _aHOFFMANN, Ernst Theodor Amadeus
_d(1776-1822)
245 1 0 _aDas Fräulein von Scuderi :
_bErzählung aus dem Zeitalter Ludwig des Vierzehnten /
_cE.T.A. Hoffmann ; mit Ill. von Hugo Steiner-Prag und einem Nachw. von Jochem Schmidt.
260 _aFrankfurt :
_bInsel Verl.,
_c1986.
300 _a120, [1] s. :
_bil. ;
_c18 cm.1
490 _aInsel Taschenbuch ;
_v410
650 _aProza niemiecka
_y19 w.
650 _aPowieść niemiecka
_y19 w.
830 _aInsel Taschenbuch ;
020 _a3458321101
040 _cBPK
041 0 _ager
080 _a821.112.2-3
920 _a3-458-32110-1
942 _cKS
008 s pl f |000 0 pol
999 _c45954
_d45954
856 _uhttp://koha.tu.koszalin.pl/cgi-bin/koha/opac-detail.pl?biblionumber=45954
_yKatalog online BPK